Bài tập toán học lớp 10 phổ thông : Đại sô . t. I
Сохранить в:
| Формат: | Sách giấy |
|---|---|
| Язык: | Vietnamese |
| Опубликовано: |
Hà Nội :
Giáo dục ,
1960
|
| Метки: |
Добавить метку
Нет меток, Требуется 1-ая метка записи!
|
| Thư viện lưu trữ: | Thư viện Trường Đại học Đà Lạt |
|---|
| LEADER | 00539nam a2200229 4500 | ||
|---|---|---|---|
| 001 | DLU020001440 | ||
| 005 | ##3/1/1999 | ||
| 041 | # | # | |a vie |
| 082 | # | # | |a 510.76 |b Bai |
| 090 | # | # | |a 510.76 |b Bai |
| 245 | # | # | |a Bài tập toán học lớp 10 phổ thông : |b Đại sô . |n t. I |
| 260 | # | # | |a Hà Nội : |b Giáo dục , |c 1960 |
| 300 | # | # | |a 80 tr.; |c 22 cm. |
| 992 | # | # | |a 364 |
| 994 | # | # | |a DLU |
| 900 | # | # | |a False |
| 911 | # | # | |a Administrator |
| 925 | # | # | |a G |
| 926 | # | # | |a A |
| 927 | # | # | |a SH |
| 980 | # | # | |a Thư viện Trường Đại học Đà Lạt |